General mathematics / (Record no. 9443)
[ view plain ]
| 000 -LEADER | |
|---|---|
| fixed length control field | 00441cam a2200181ua 4500 |
| 041 ## - LANGUAGE CODE | |
| Language code of text/sound track or separate title | mal |
| 082 ## - DEWEY DECIMAL CLASSIFICATION NUMBER | |
| Classification number | 510 |
| Item number | KER/GE |
| 100 ## - MAIN ENTRY--AUTHOR NAME | |
| Personal name | Goverment of Kerala, . |
| 245 ## - TITLE STATEMENT | |
| Title | General mathematics / |
| 250 ## - EDITION STATEMENT | |
| Edition statement | 1 / |
| 260 ## - PUBLICATION, DISTRIBUTION, ETC. (IMPRINT) | |
| Place of publication | Kerala : |
| Name of publisher | Government of Kerala , |
| Year of publication | 1963. |
| 300 ## - PHYSICAL DESCRIPTION | |
| Number of Pages | 224 ; . |
| 942 ## - ADDED ENTRY ELEMENTS (KOHA) | |
| Koha item type | Books |
| Withdrawn status | Lost status | Damaged status | Home library | Current library | Date acquired | Full call number | Accession Number | Koha item type | Public note |
|---|---|---|---|---|---|---|---|---|---|
| Withdrawn | KAUAET | KAUAET | 04/02/2021 | 510 KER/GE | 8298 | Books | |||
| Withdrawn | KAUAET | KAUAET | 04/02/2021 | 510 KER/GE | 8299 | Books | |||
| Withdrawn | KAUAET | KAUAET | 04/02/2021 | 510 KER/GE | 8300 | Books | |||
| Withdrawn | Damaged | KAUAET | KAUAET | 04/02/2021 | 510 KER/GE | 8301 | Books | ||
| Withdrawn | KAUAET | KAUAET | 04/02/2021 | 510 KER/GE | 8302 | Books | |||
| Withdrawn | KAUAET | KAUAET | 04/02/2021 | 510 KER/GE | 8303 | Books | |||
| Withdrawn | KAUAET | KAUAET | 04/02/2021 | 510 KER/GE | 8304 | Books | |||
| Withdrawn | KAUAET | Sanskrit University | 07/04/2012 | 510 | 8297 | Books | Transferred to Sanskrit University |
